000 01663nam a2200481 i 4500
001 43377
003 KOSZ 005
005 20200518104122.0
008 200515s2002 pl a f 000 0 pol
015 _aUWD 2003/2615
020 _a8372052085
035 _a991020145509705066
035 _a(PL-WaBN)b15461440-48omnis_nlop
035 _ab15461440
035 _a(OCoLC)749142326
035 _a(PL)b0000001546144
035 _a(EXLNZ-48OMNIS_NETWORK)9910246734105606
040 _aWA N
_cWA N
_dKOSZ 005/RW
046 _k2002
080 _a658.14/.17
080 _a(075.8)
100 1 _aKrzemińska, Danuta
_eAutor
245 1 0 _aFinanse przedsiębiorstwa /
_cDanuta Krzemińska ; [recenzent: prof. dr hab. Jan Sobiech].
250 _aWydanie 3.
260 _aPoznań :
_bWydawnictwo Wyższej Szkoły Bankowej,
_c2002.
300 _a246, [1] stron :
_bilustracje ;
_c24 cm.
336 _aTekst
_btxt
_2rdacontent
337 _aBez urządzenia pośredniczącego
_bn
_2rdamedia
338 _aWolumin
_bnc
_2rdacarrier
380 _aKsiążki
380 _aPublikacje dydaktyczne
388 _a2001-
500 _a336 pozycja wydawnicza.
504 _aBibliografia na stronach 245-[247].
650 7 _aFinanse przedsiębiorstwa
_2DBN
655 7 _aPodręczniki akademickie
_2DBN
658 _aGospodarka, ekonomia, finanse
700 1 _aSobiech, Jan
_d(1946-2017)
_eRecenzja
710 2 _aWydawnictwo Wyższej Szkoły Bankowej (Poznań)
_4pbl
856 _uhttp://koha.tu.koszalin.pl/cgi-bin/koha/opac-detail.pl?biblionumber=43377
_yKatalog online BPK
942 _2UKD
_cKS
999 _c43377
_d43377